000 00618nam a2200277Ia 4500
005 20260324145122.0
008 008 260324s9999 xx 000 0 eng d
020 _a9781003275572
037 _aEBOOK
040 _aCRL
040 _beng
040 _cCRL
041 _2eng
041 _aeng
084 _qCRL
100 _aRobert Mullan
_91209750
245 4 _aThe Mating Trade
260 _bTaylor and Francis
260 _c1984
365 _a
365 _b205
856 _uhttp://www.taylorfrancis.com/books/9781003275572
942 _cEBOOK
999 _c1829293
_d1829293